Facts on foreign trade of the Czech Republic 1997

Uložené v:
Podrobná bibliografia
Ďalší autori: Neustadt, Alojz
Médium: Kniha
Jazyk:English
Vydavateľské údaje: Prague Ministry of Industry and Trade 1997
Predmet:
Tagy: Pridať tag
Žiadne tagy, Buďte prvý, kto otaguje tento záznam!

MARC

LEADER 00000nam a2200000 4500
001 c110475
005 20221124074623.2
020 |a 80-85949-44-X 
041 0 |a eng 
044 |a CZ 
245 1 0 |a Facts on foreign trade of the Czech Republic 1997  |c [editor: Alojz Neustadt] ... [et al.] 
264 1 |a Prague  |b Ministry of Industry and Trade  |c 1997 
300 |a 249 s. 
610 2 0 |a ukazovatele štatistické 
610 2 0 |a obchod zahraničný 
610 2 0 |a Česko 
610 2 0 |a 1997 
700 1 |a Neustadt, Alojz